000 00649nam a22002297a 4500
003 UA-OsUOA
001 100224
007 ta
008 20130523b un ||||| |||| 00| 0 ukr d
100 _aТомани Йозеф і Мирослава
090 _a821.162.3
_bТ56
942 _cBK
040 _aUA-OsUOA
_bukr
_cUA-OsUOA
_dUA-OsUOA
245 _aТам, де гори зелені...
_bроман
300 _a426 с.
955 _a3
041 _aukr
080 _a821.162.3
260 _aК.
_bХудожня літертура
_c1962
650 7 _a82 Література. Літературознавство
_2UDC
999 _c386463
_d386463